LIBRARY & INFORMATION CENTRE, KCAET, TAVANUR

ONLINE PUBLIC ACCESS CATALOGUE (OPAC)

Normal view MARC view
  • Sathish Chand

Entry Personal Name

Number of records used in: 1

001 - CONTROL NUMBER

  • control field: 7051

003 - CONTROL NUMBER IDENTIFIER

  • control field: OSt

005 - DATE AND TIME OF LATEST TRANSACTION

  • control field: 20250203153410.0

008 - FIXED-LENGTH DATA ELEMENTS

  • fixed length control field: 250203|| aca||aabn | a|a d

040 ## - CATALOGING SOURCE

  • Original cataloging agency: OSt
  • Transcribing agency: OSt

100 ## - HEADING--PERSONAL NAME

  • Personal name: Sathish Chand

670 ## - SOURCE DATA FOUND

  • Source citation: Work cat.: (OSt)19274: Maskara, PN 7050, Tables Chart on Refrigerant & Psychometrice Properties (SI Unit)
free website counter